000 00592cam a2200169 4500
001 D12536
008 090401t1911 xxu||||| |||| 00| 0 eng d
035 _a(Sirsi) u4043
041 _aeng
100 _aCubitt, H.
245 _aBuilding in London: a treatise on the law and practice affecting the erection and maintenance of buildings in the Metropolis
260 _aLondon
_bConstable
_c1911
350 _a0
520 _aShelf 153. 2 copies. Chapter 7, Cost of building in and around London, by H.J.Leaning. Chapter 8, London Property, by S.A.Smith
942 _n0
948 _c04/03/1997
999 _c85988
_d85988